Rapowe utwory powyżej 2 mld odsłuchań - Statystyki

Ogólne statystyki
  • Ten quiz został rozwiązany 64 razy
    46 od ostatniego zresetowania
  • Średni wynik to 11 z 26
Statystyki odpowiedzi
Odsłuchania Wykonawca Utwór % Poprawnych
3,089 mld Post Malone rockstar
73%
2,435 mld Kendrick Lamar HUMBLE
70%
2,670 mld Drake God's Plan
64%
2,271 mld Travis Scott SICKO MODE
64%
2,742 mld Juice WRLD Lucid Dreams
61%
2,666 mld Travis Scott goosebumps
58%
2,318 mld XXXTentacion SAD!
58%
2,029 mld XXXTentacion Moonlight
52%
3,471 mld Drake One Dance
48%
3,651 mld Post Malone Sunflower
48%
2,269 mld Lil Uzi Vert XO Tour Llif3
48%
2,069 mld Roddy Rich The Box
45%
2,089 mld Post Malone Congratulations
42%
2,067 mld Tyler, the Creator See You Again
39%
2,025 mld Eminem The Real Slim Shady
39%
2,446 mld Eminem Without Me
39%
2,412 mld Eminem Lose Yourself
36%
2,012 mld 24kGoldn Mood
33%
2,445 mld J. Cole No Role Modelz
27%
2,670 mld Macklmore Can't Hold Us
24%
2,107 mld Lil Nas X INDUSTRY BABY
24%
2,040 mld Post Malone Better Now
18%
2,658 mld Post Malone Circles
18%
2,304 mld XXXTentacion Jocelyn Flores
18%
2,006 mld Lil Nas X MONTERO
18%
2,122 mld Eminem Till I Collapse
12%
Nie znaleziono quizów pasujących do podanych kryteriów
Rozkład punktacji
Procent ludzi z każdym wynikiem
Percentyl według liczby udzielonych odpowiedzi
Twoja historia wyników
Nie rozwiązałeś tego quizu od ostatniego zresetowania